000 00635nam a2200193 a 4500
001 000035300
005 20200930074236.0
008 111027s19uu sp r 000 0 spa d
040 _aDO-SdBNP
_bspa
_cBNPHU
082 _axxxx
_bxxxx
100 1 _aLastarria, J. V.
_961068
245 1 3 _aLa América /
_cJ. V. Lastarria.
260 _aMadrid :
_bAmérica,
_c19uu?
300 _a2 v. ;
_c19 cm.
490 1 _aBiblioteca de ciencias políticas y sociales
500 _aIncluye referencias bibliográficas y notas al pie de las páginas
590 _aInventariado, 2019/BT
830 0 _aBiblioteca de ciencias políticas y sociales
_960135
999 _c34791
_d34791